| 000 | 01323cam a22003134a 4500 | ||
|---|---|---|---|
| 999 |
_c232695 _d232695 |
||
| 001 | 4521055 | ||
| 003 | Nust | ||
| 005 | 20180117090023.0 | ||
| 008 | 990210s1999 dcua bi 001 0 eng | ||
| 010 | _a 99018533 | ||
| 020 | _a1559637137 (alk. paper : cloth) | ||
| 040 |
_aDLC _cDLC _dDLC |
||
| 042 | _apcc | ||
| 050 | 0 | 0 |
_aSD387.S87 _bJ45 1999 |
| 082 | 0 | 0 |
_a333.75/15 _221 |
| 100 | 1 | _aJenkins, Michael B. | |
| 245 | 1 | 4 |
_aThe business of sustainable forestry : _bstrategies for an industry in transition / _cMichael B. Jenkins and Emily T. Smith. |
| 260 |
_aWashington, D.C. : _bIsland Press, _cc1999. |
||
| 300 |
_axvii, 356 p. : _bill. ; _c24 cm. |
||
| 504 | _aIncludes bibliographical references and index. | ||
| 650 | 0 | _aSustainable forestry. | |
| 650 | 0 | _aForest products industry. | |
| 700 | 1 | _aSmith, Emily T. | |
| 856 | 4 | 2 |
_3Publisher description _uhttp://www.loc.gov/catdir/enhancements/fy0666/99018533-d.html |
| 906 |
_a7 _bcbc _corignew _d1 _eocip _f19 _gy-gencatlg |
||
| 942 |
_2ddc _cBK |
||